000 00834nam a2200229 a 4500
001 39032
003 BD-RjUL
005 20211209052913.0
008 160404b2011 b b|||e |||| 000 0dben d
020 _a9840749048
_c150
035 _a(BD-RjUL)
040 _aBD-RjUL
_bben
_cBD-RjUL
041 _aben
082 _223
_aB 306.08095492
_bSIB 2011
100 _aসিকদার, সৌরভ
_9120495
245 _aবাংলাদেশের আদিবাসী ভাষা /
_cসৌরভ সিকদার
260 _aঢাকা :
_bবাঞলা একাডেমী,
_c২০১১.
300 _a[৬],২৪৮:
_bচিত্র ;
_c২২ সেমি.
650 _2সংস্কৃতি
_zবাংলাদেশ
_9120502
650 _aCulture and Institutions
_zBangaladesh
_9120503
942 _2ddc
_cBK
999 _c39032
_d39032